Diccionario de sinónimos y antónimos. (Record no. 171030)

MARC details
000 -LEADER
campo de control de longitud fija 00656nam a2200205 i 4500
001 - NÚMERO DE CONTROL
campo de control 171030
003 - IDENTIFICADOR DE NÚMERO DE CONTROL
campo de control ES-MaACL
005 - FECHA Y HORA DE LA ÚLTIMA TRANSACCIÓN
campo de control 20240224132755.0
008 - DATOS DE LONGITUD FIJA--INFORMACIÓN GENERAL
campo de control de longitud fija 090422s2009 sp d |||| | spa d
017 ## - NÚMERO DE COPYRIGHT O DE DEPÓSITO LEGAL
Número de copyright o de depósito legal M 7.058-2009
020 ## - NÚMERO INTERNACIONAL ESTÁNDAR DEL LIBRO
Número Internacional Estándar del Libro 978-84-249-3587-0
080 ## - NÚMERO DE LA CLASIFICACIÓN DECIMAL UNIVERSAL
Número de la Clasificación Decimal Universal (038)=134.2'373.42
245 00 - MENCIÓN DEL TÍTULO
Título Diccionario de sinónimos y antónimos.
260 ## - PUBLICACIÓN, DISTRIBUCIÓN, ETC.
Lugar de publicación, distribución, etc. Madrid :
Nombre del editor, distribuidor, etc. Gredos,
Fecha de publicación, distribución, etc. 2009.
300 ## - DESCRIPCIÓN FÍSICA
Extensión X, 1075 p. ;
Dimensiones 26 cm.
650 04 - PUNTO DE ACCESO ADICIONAL DE MATERIA--TÉRMINO DE MATERIA
Término de materia o nombre geográfico como elemento de entrada Lengua española-
Subdivisión general Sinónimos y antónimos-
Subdivisión de forma Diccionarios.
9 (RLIN) 14187
852 ## - LOCALIZACIÓN
Ubicación ES-MaACL
Número de control de estantería A-15189
Sublocalización o colección R.144769
itemnumber 177660
Ubicación en estantería Depósito 1
Signatura antigua Olim: DIC- L 134.2'373 dic
-- Olim: Meseton
942 ## - ELEMENTOS DE ENTRADA SECUNDARIOS (KOHA)
Fuente del sistema de clasificación o colocación Clasificación decimal universal
Holdings
Estatus retirado Estado de pérdida Fuente del sistema de clasificación o colocación Estado de daño No para préstamo Colección Biblioteca de origen Biblioteca actual Ubicación en estantería Fecha de adquisición Total de préstamos Signatura topográfica completa Código de barras Visto por última vez Precio de reemplazo Tipo de ítem Koha
    Clasificación decimal universal     Colección de referencia Biblioteca del Ateneo de Madrid Biblioteca del Ateneo de Madrid Depósito 1 22/04/2009   A-15189 1179493 23/02/2023 23/02/2023 Libro impreso